[Event "Samara Polugaevsky Memorial 6th"]
[Site "Samara"]
[Date "2016.07.11"]
[Round "9"]
[White "Matinian, Nikita"]
[Black "Karpenko, Artem"]
[Result "1-0"]
[WhiteElo "2489"]
[BlackElo "2321"]
[PlyCount "69"]
[EventDate "2016.07.03"]
[EventType "swiss"]
[EventRounds "9"]
[EventCountry "RUS"]
[SourceTitle "CBM 173 Extra"]
[Source "ChessBase"]
[SourceDate "2016.08.29"]
[SourceVersion "1"]
[SourceVersionDate "2016.08.29"]
[SourceQuality "1"]

1. e4 e5 2. Nf3 Nc6 3. Bb5 a6 4. Ba4 Nf6 5. 0-0 Be7 6. d3 b5 7. Bb3 d6 8. a4 Bg4 9. c3 Na5 10. Bc2 b4 11. Nbd2 Rb8 12. d4 c5 13. h3 Bxf3 14. Qxf3 0-0 15. Qe2 Qb6 16. dxe5 dxe5 17. Bd3 Ra8 18. Nc4 Nxc4 19. Bxc4 bxc3 20. bxc3 Qa5 21. Rd1 Rfb8 22. Rd3 Rb6 23. f4 Ra7 24. fxe5 Nd7 25. Bf4 Nf8 26. Qg4 Ra8 27. e6 Nxe6 28. Be5 g6 29. Rd7 Re8 30. Rxe7 Rxe7 31. Qh4 Reb7 32. Qf6 Kf8 33. Rd1 Ke8 34. Qh8+ Nf8 35. Bg7 1-0

[Event "Samara Polugaevsky Memorial 6th"]
[Site "Samara"]
[Date "2016.07.10"]
[Round "8"]
[White "Karpenko, Artem"]
[Black "Palachev, Petr"]
[Result "1/2-1/2"]
[WhiteElo "2321"]
[BlackElo "2408"]
[PlyCount "92"]
[EventDate "2016.07.03"]
[EventType "swiss"]
[EventRounds "9"]
[EventCountry "RUS"]
[SourceTitle "CBM 173 Extra"]
[Source "ChessBase"]
[SourceDate "2016.08.29"]
[SourceVersion "1"]
[SourceVersionDate "2016.08.29"]
[SourceQuality "1"]

1. d4 Nf6 2. c4 e6 3. g3 d5 4. Bg2 Bb4+ 5. Nd2 0-0 6. Ngf3 dxc4 7. Qc2 a5 8. 0-0 b5 9. a4 c6 10. e4 Nbd7 11. Rd1 Bb7 12. e5 Nd5 13. Ne4 f5 14. exf6 gxf6 15. Qe2 Kh8 16. Nh4 Rg8 17. f4 Qe7 18. f5 e5 19. Qh5 exd4 20. Ng6+ Rxg6 21. fxg6 d3 22. Rf1 Rg8 23. g7+ Qxg7 24. Bh3 Qe7 25. Bf5 Ne5 26. Bh6 Ng4 27. Rf3 Nxh6 28. Qxh6 bxa4 29. Raf1 Qg7 30. Qh4 Rf8 31. Be6 Be7 32. Nd2 a3 33. Qxc4 axb2 34. Rb1 Bb4 35. Qxd3 f5 36. Nc4 Ba6 37. Rxf5 Rxf5 38. Bxf5 Qf7 39. Qd4+ Qg7 40. Qxg7+ Kxg7 41. Nxb2 Nc3 42. Ra1 Ne2+ 43. Kf2 Bc3 44. Rb1 Bd4+ 45. Ke1 Bc3+ 46. Kf2 Bd4+ 1/2-1/2

[Event "Samara Polugaevsky Memorial 6th"]
[Site "Samara"]
[Date "2016.07.07"]
[Round "5"]
[White "Karpenko, Artem"]
[Black "Nozdrachev, Vladislav"]
[Result "0-1"]
[WhiteElo "2321"]
[BlackElo "2455"]
[PlyCount "93"]
[EventDate "2016.07.03"]
[EventType "swiss"]
[EventRounds "9"]
[EventCountry "RUS"]
[SourceTitle "EXT 2019"]
[Source "ChessBase"]
[SourceDate "2018.10.10"]
[SourceVersion "1"]
[SourceVersionDate "2018.10.10"]
[SourceQuality "1"]

1. d4 Nf6 2. c4 e6 3. g3 Bb4+ 4. Nd2 0-0 5. Bg2 d5 6. Ngf3 b6 7. 0-0 Bb7 8. Ne5 Bd6 9. cxd5 exd5 10. Ndc4 Be7 11. Bg5 Nbd7 12. Rc1 c5 13. Nxd7 Qxd7 14. dxc5 bxc5 15. Na5 Ba6 16. Nb3 Qe6 17. Re1 Rac8 18. Rc2 d4 19. Qc1 Nd7 20. Na5 c4 21. Qd2 Qb6 22. Rd1 Bb4 23. Qxd4 Qxa5 24. Bh3 Bb5 25. Bxd7 Bxd7 26. Bh6 gxh6 27. Qxd7 Rcd8 28. Qg4+ Qg5 29. Rd4 Rxd4 30. Qxd4 Bc5 31. Qxc4 Bb6 32. Qe4 Qg6 33. Qc4 Rd8 34. Kg2 Qf6 35. e4 Qe5 36. Qe2 a5 37. Rc3 Rd4 38. f3 Qd6 39. Rc2 Rd1 40. f4 Qd7 41. f5 Qd3 42. Kh3 Kg7 43. Kh4 Qxe2 44. Rxe2 f6 45. Rc2 Be3 46. Kh3 Re1 47. Rc6 0-1

[Event "Samara Polugaevsky Memorial 6th"]
[Site "Samara"]
[Date "2016.07.05"]
[Round "3"]
[White "Karpenko, Artem"]
[Black "Smolonogov, R."]
[Result "1-0"]
[WhiteElo "2321"]
[BlackElo "2055"]
[PlyCount "41"]
[EventDate "2016.07.03"]
[EventType "swiss"]
[EventRounds "9"]
[EventCountry "RUS"]
[SourceTitle "EXT 2019"]
[Source "ChessBase"]
[SourceDate "2018.10.10"]
[SourceVersion "1"]
[SourceVersionDate "2018.10.10"]
[SourceQuality "1"]

1. d4 Nf6 2. c4 e6 3. g3 c5 4. d5 b5 5. dxe6 fxe6 6. Bg2 d5 7. cxd5 Bb7 8. Nh3 exd5 9. Bg5 Nbd7 10. Nc3 Be7 11. Nxd5 Nxd5 12. Bxd5 Bxd5 13. Qxd5 Bxg5 14. Nxg5 Qa5+ 15. Kf1 0-0-0 16. Ne6 Qb6 17. Nxd8 Rxd8 18. Rd1 c4 19. Kg2 Nc5 20. Qa8+ Kc7 21. Qxd8+ 1-0